Water treatment plant design.

Na minha lista:
Detalhes bibliográficos
Formato: Livro
Idioma:English
Publicado em: New York : McGraw-Hill, 1998.
Edição:3rd ed.
Assuntos:
Tags: Adicionar Tag
Sem tags, seja o primeiro a adicionar uma tag!
Thư viện lưu trữ: Mạng thư viện Đại học Đà Nẵng
LEADER 00763cam a2200313 i 4500
001 000046248
003 5707
005 20030217111649.0
008 010220|1998 vm 000 eng
020 |a 0070016437 
040 |a IRC  |c IRC  |d IRC 
041 0 |a eng 
082 1 4 |a 628.162  |b Wa-T 
245 0 0 |a Water treatment plant design. 
250 |a 3rd ed. 
260 |a New York :  |b McGraw-Hill,  |c 1998. 
300 |a x, 806p. :  |b ill. 
630 0 4 |a Water. 
650 0 4 |a Water treatment plants  |x Design and construction. 
OWN |a DUT 
999 |a From the UDN01 
TYP |a Monograph 
TYP |a Printed language 
980 |a Mạng thư viện Đại học Đà Nẵng